Animal law : A concise guide to the law relating to animals (Record no. 99455)

MARC details
000 -LEADER
fixed length control field 00651cam a2200241 4500
008 - FIXED-LENGTH DATA ELEMENTS--GENERAL INFORMATION
fixed length control field 090401t2001 xxu||||| |||| 00| 0 eng d
020 ## - INTERNATIONAL STANDARD BOOK NUMBER
International Standard Book Number 0721908020
035 ## - SYSTEM CONTROL NUMBER
System control number (Sirsi) u99788
041 ## - LANGUAGE CODE
Language code of text/sound track or separate title eng
050 ## - LIBRARY OF CONGRESS CALL NUMBER
Classification number 346.4107
100 ## - MAIN ENTRY--PERSONAL NAME
Personal name Palmer, J.
245 ## - TITLE STATEMENT
Title Animal law : A concise guide to the law relating to animals
250 ## - EDITION STATEMENT
Edition statement 3rd ed.
260 ## - PUBLICATION, DISTRIBUTION, ETC.
Place of publication, distribution, etc. Crayford, Kent
Name of publisher, distributor, etc. Shaw & Sons Limited
Date of publication, distribution, etc. 2001
300 ## - PHYSICAL DESCRIPTION
Extent xlii, 315p. ; 23cm.
650 ## - SUBJECT ADDED ENTRY--TOPICAL TERM
Topical term or geographic name entry element ANIMALS
650 ## - SUBJECT ADDED ENTRY--TOPICAL TERM
Topical term or geographic name entry element PROPERTY-RURAL AND NATURAL ASSETS-AGRICULTURAL PROPERTY-LIVESTOCK
650 ## - SUBJECT ADDED ENTRY--TOPICAL TERM
Topical term or geographic name entry element FARMING
650 ## - SUBJECT ADDED ENTRY--TOPICAL TERM
Topical term or geographic name entry element HUNTING
690 ## - LOCAL SUBJECT ADDED ENTRY--TOPICAL TERM (OCLC, RLIN)
Topical term or geographic name as entry element LAW
942 ## - ADDED ENTRY ELEMENTS (KOHA)
Suppress in OPAC 0
948 ## - LOCAL PROCESSING INFORMATION (OCLC); SERIES PART DESIGNATOR (RLIN)
c (OCLC) 23/03/1999
Holdings
Withdrawn status Lost status Source of classification or shelving scheme Damaged status Not for loan Home library Current library Shelving location Date acquired Cost, normal purchase price Total Checkouts Full call number Barcode Date last seen Date last checked out Copy number Cost, replacement price Price effective from Koha item type
    Other/Generic Classification Scheme     London London Books 20/12/2001 29.95 2 346.41047 PAL 30065072 06/08/2019 25/10/2005 1 29.95 06/08/2019 Book